• 首页
  • 本馆介绍
  • 公告通知
  • 最新文献
  • 馆藏检索
  • 电子资源
  • 读者导购
  • 参考咨询
  • 我的图书馆
  • 登录
  • 详细信息显示
  • 放入我的书架
  • 预约/预借图书
  • 作者相关作品
  • 分类相关作品
  • 丛书相关作品
  • 出版社相关作品

书目信息

  • 表格格式
  • 工作单格式
  • 卡片格式
题名:
革命导师列宁
    
 
作者: 李军 , 蔺春萍 编著
分册:  
出版信息: 乌鲁木齐   新疆青少年出版社  2005
页数: 186页
开本: 20cm
丛书名: 革命导师故事丛书
单 册:
中图分类: I287.51 , A732
科图分类:
主题词: 儿童文学--革命故事--中国--现代 , 列宁--传记 , 生平事迹 , 革命故事
电子资源:
ISBN: 7-5371-2810-3
000 01014oam2 2200325 45
001 01200520515536
005 20070709155415.06
010    @a7-5371-2810-3@dCNY22.80
092    @aCN@b99757
100    @a20050916d2005 em y0chiy0120 ea
101 0  @achi
102    @aCN@b650000
105    @ay z 000yy
200 1  @a革命导师列宁@Age ming dao shi lie ning@f李军,蔺春萍编著@Fli jun, lin chun ping bian zhu
205    @b修订版
210    @a乌鲁木齐@c新疆青少年出版社@d2005
215    @a186页@d20cm
225 2  @a革命导师故事丛书
330    @a本书包括教育家的儿子,文学小天才,大学学潮的洗礼,“自修大学”之路,神秘的“彼德堡人”,把牢房当作书房等内容。
461  0 @12001 @a革命导师故事丛书
606 0  @a儿童文学@x革命故事@y中国@z现代
606 0  @a列宁@x传记
606 0  @x生平事迹
606 0  @a革命故事
690    @aI287.51@v4
690    @aA732@v3
701  0 @a李军@Ali jun@4编著
701  0 @a蔺春萍@Alin chun ping@4编著
801  0 @aCN@bLZJBOOK@c20070709
905    @a10447@dA732@e192=2
    
    革命导师列宁/李军,蔺春萍编著.-修订版.-乌鲁木齐:新疆青少年出版社,2005
    186页;20cm.-(革命导师故事丛书)
    
    
    ISBN 7-5371-2810-3:CNY22.80
    本书包括教育家的儿子,文学小天才,大学学潮的洗礼,“自修大学”之路,神秘的“彼德堡人”,把牢房当作书房等内容。
●
相关链接 在E读中查询图书 在五车中查询图书 在当当中查询图书 在豆瓣中查询图书


正题名:革命导师列宁     索取号:A732/192=2         预约/预借

序号 登录号 条形码 馆藏地/架位号 状态 备注
1 0554824   205548246   第一样本阅览室/ [索取号:A732/192=2] 在馆    
2 0554825   205548255   第一借阅区/ [索取号:A732/192=2] 在馆    
3 0554826   205548264   第一借阅区/ [索取号:A732/192=2] 在馆    
4 0554827   205548273   第一借阅区/ [索取号:A732/192=2] 在馆    
5 0554828   205548282   第一借阅区/ [索取号:A732/192=2] 在馆    
6 0554829   205548291   第一借阅区/ [索取号:A732/192=2] 在馆    
7 0554830   205548308   第一借阅区/ [索取号:A732/192=2] 在馆    
8 0554831   205548317   第一借阅区/ [索取号:A732/192=2] 在馆    
唐山师范学院图书馆 欢迎您!
大连网信软件有限公司© 版权所有